| 000 | 00892nam a22002537a 4500 | ||
|---|---|---|---|
| 999 |
_c12418 _d12418 |
||
| 003 | AR-CdUCM | ||
| 008 | 190408b ||||| |||| 00| 0 spa d | ||
| 020 | _a968-39-0103-4 | ||
| 040 |
_aMUNICIPALIDAD PROVINCIAL DEL CUSCO _cBIBLIOTECA MUNICIPAL DEL CUSCO |
||
| 082 |
_aES / 869.1 / _bG69 |
||
| 100 |
_aGonzáles Hermosillo, Francisco _930265 |
||
| 245 | _aEn los Tiempos de la Independencia / | ||
| 260 |
_aMéxico : _bPatria S. A. ; _c1985. |
||
| 300 |
_a32 páginas ; _bIlustraciones, mapa plegable _c27cm |
||
| 505 | _aContenido: Historia de la independencia de México | ||
| 650 |
_aMéxico _918 |
||
| 650 |
_aHistoria _9136 |
||
| 650 |
_aIndependencia _9625 |
||
| 700 |
_aSandoval Zarauz, Enrique _930266 |
||
| 700 |
_aUrrutia de Stevelski, Cristina _930267 |
||
| 710 |
_aSecretaria de Educación Pública _917942 |
||
| 942 |
_2ddc _cLIBROS |
||
| 945 |
_anom _d2019-04-08 |
||